Paper P1 Governance, Risk and Ethics: Practice & Revision kit (Record no. 749)

MARC details
005 - DATE AND TIME OF LATEST TRANSACTION
control field 20250317095045.0
020 ## - INTERNATIONAL STANDARD BOOK NUMBER
International Standard Book Number 9781 4727 4657 3
082 ## - DEWEY DECIMAL CLASSIFICATION NUMBER
Classification number 346.41 ACC
111 ## - MAIN ENTRY--MEETING NAME
Meeting name or jurisdiction name as entry element ACCA
245 ## - TITLE STATEMENT
Title Paper P1 Governance, Risk and Ethics: Practice & Revision kit
250 ## - EDITION STATEMENT
Edition statement 10th Ed.
260 ## - PUBLICATION, DISTRIBUTION, ETC.
Place of publication, distribution, etc. London
Name of publisher, distributor, etc. Learning Media Ltd.
Date of publication, distribution, etc. 2016
300 ## - PHYSICAL DESCRIPTION
Extent xx, 386p.: ill.; table
Dimensions 29cm.
942 ## - ADDED ENTRY ELEMENTS (KOHA)
Source of classification or shelving scheme Dewey Decimal Classification
Koha item type Books
Holdings
Date last seen Total checkouts Full call number Barcode Cost, replacement price Price effective from Koha item type Lost status Source of classification or shelving scheme Damaged status Not for loan Withdrawn status Home library Current library Shelving location Date acquired Cost, normal purchase price
03/17/2025   346.41 ACC 0000003070 162000.00 03/17/2025 Books   Dewey Decimal Classification       College of Business Education Main Library College of Business Education Main Library General Collection 03/17/2025 54000.00
03/17/2025   346.41 ACC 0000003071 162000.00 03/17/2025 Books   Dewey Decimal Classification       College of Business Education Main Library College of Business Education Main Library General Collection 03/17/2025 54000.00